000
00299nam a2200109Ia 4500
008
171211s9999 xx 000 0 und d
245
4
_a
The Complete Guide to Blender Graphics
245
_c
John M. Blain
260
_c
2009
650
_x
Design
856
_u
http://down.ebook777.com/060/1498746454.pdf
999
_c
347949
_d
347949